Mortalidad en América Central: Realidad actual y perspectivas
En esta ponencia se analiza la situación de la mortalidad en la América Central y discute los actores que definen el posible curso, en el futuro, de la mortalidad. El autor toma en consideración elementos como el nivel y las tendencias pasadas de la mortalidad, la causas de muerte (enfermedades, acc...
שמור ב:
| מחבר ראשי: | |
|---|---|
| פורמט: | Texto |
| יצא לאור: |
San José:
CELADE
|
| נושאים: | |
| תגים: |
הוספת תג
אין תגיות, היה/י הראשונ/ה לתייג את הרשומה!
|
MARC
| LEADER | 00000 a a2200000 04500 | ||
|---|---|---|---|
| 001 | 13081 | ||
| 003 | |||
| 040 | |||
| 090 | |a 027100 | ||
| 100 | |a Behm Rosas, Hugo | ||
| 245 | |a Mortalidad en América Central: Realidad actual y perspectivas | ||
| 260 | |a San José: |b CELADE | ||
| 300 | |a 37 p. | ||
| 300 | |b **no definido** | ||
| 520 | |a En esta ponencia se analiza la situación de la mortalidad en la América Central y discute los actores que definen el posible curso, en el futuro, de la mortalidad. El autor toma en consideración elementos como el nivel y las tendencias pasadas de la mortalidad, la causas de muerte (enfermedades, accidentes, etc.), los contrastes sociales y geográficos de la mortalidad temprana, las significativas diferencias de la mortalidad asociadas a la estructura social, las perspectivas de la mortalidad, entre otros, los cuales en conjunto conforman una visión de las causas y consecuencias de la mortalidad en América Central. RCH/mb | ||
| 650 | |a MORTALIDAD | ||
| 650 | |a CAUSAS DE MUERTE | ||
| 650 | |a ESPERANZA DE VIDA | ||
| 650 | |a CLASES SOCIALES | ||
| 650 | |a ESPERANZA DE VIDA | ||
| 650 | |a MORTALIDAD | ||
| 650 | |a CAUSAS DE MUERTE | ||
| 650 | |a MORTALIDAD INFANTIL | ||
| 999 | |c 14111 |d 14111 | ||
